Normal view
MARC view
- Carnell, Simon
Entry Personal Name
001 - CONTROL NUMBER
- control field: 758
003 - CONTROL NUMBER IDENTIFIER
- control field: CBULib
005 - DATE AND TIME OF LATEST TRANSACTION
- control field: 20230914093016.0
008 - FIXED-LENGTH DATA ELEMENTS
- fixed length control field: 230914|| aca||aabn | a|a d
040 ## - CATALOGING SOURCE
- Original cataloging agency: CBULib
100 ## - HEADING--PERSONAL NAME
- Personal name: Carnell, Simon